| 000 | 00657nam a22002173 4500 | ||
|---|---|---|---|
| 001 | 19079 | ||
| 003 | BD-RJUL | ||
| 005 | 20211209000400.0 | ||
| 008 | 161129s 1946nyu 000 1 | ||
| 035 | _a(BD-RjUL)19137 | ||
| 040 |
_aBD-RjUL _beng _cBD-RjUL |
||
| 041 | _aeng | ||
| 082 |
_a813.5 _bWED 1946 _223 |
||
| 100 | 1 |
_aWestcott, Edward Noyes. _958819 |
|
| 245 | 1 | 0 |
_aDavid Harum / _cEdward Noyes Westcott |
| 260 |
_aNew York : _c1898. _bBantam book, |
||
| 300 |
_c14 cm. _a312 p. : _billas. ; |
||
| 690 | 0 | 0 |
_aEnglish literature _xFiction _xMiscellaneous _2pre20 _9116753 |
| 690 | 0 | 0 |
_aEnglish literature _zUnited States _xFiction _2pre20 _9167695 |
| 942 |
_2ddc _cBK |
||
| 999 |
_c19079 _d19079 |
||